000 00650na a2200229 4500
001 19532
003 MIRAKIL
005 20181213155113.0
008 161216b tu 000 0
040 _aMilas
_btur
_cTR-AnCHP
041 _atur
082 _a378.09561
_bT96 2003
090 _a378.09561 T96 2003
245 _aTürk yükseköğretiminin bugünkü durumu
_cYÖK
246 _aTürk yüksek öğretiminin bugünkü durumu
260 _aAnkara
_bYÖK
_c2003
300 _a145 s.
_btbl.
_c30 sm.
650 _aÜniversiteler
_zTürkiye
650 _aYüksek öğretim
_zTürkiye
710 _aYükseköğretim Kurulu
942 _2ddc
_cBKS
999 _c6606
_d6606